Une démocratisation du marché ? (notice n° 1647040)

détails MARC
000 -LEADER
fixed length control field 02206cam a2200205 4500500
005 - DATE AND TIME OF LATEST TRANSACTION
control field 20260208003103.0
041 ## - LANGUAGE CODE
Language code of text/sound track or separate title fre
042 ## - AUTHENTICATION CODE
Authentication code dc
100 10 - MAIN ENTRY--PERSONAL NAME
Personal name Beauvisage, Thomas
Relator term author
245 00 - TITLE STATEMENT
Title Une démocratisation du marché ?
260 ## - PUBLICATION, DISTRIBUTION, ETC.
Date of publication, distribution, etc. 2014.<br/>
500 ## - GENERAL NOTE
General note 74
520 ## - SUMMARY, ETC.
Summary, etc. Cet article examine la promesse de démocratisation du marché portée par les sites Web de notes et avis de consommateurs dans le secteur de la restauration. Il se base sur des entretiens avec des gestionnaires de sites, et sur des données extraites des principales plates-formes françaises. Nous montrons que les sites d’avis participent d’un double mouvement de démocratisation de la critique engagé dans les années 1970 : d’une part, par l’inclusion d’une large partie de l’offre de restaurants dans le périmètre de l’évaluation, et d’autre part par l’élargissement de la participation, en ouvrant à tous la possibilité d’évaluer les restaurants. Toutefois, cette double ambition démocratique entre en tension avec la nécessité de produire une recommandation juste et efficace, ce qui conduit les sites d’avis à élaborer des compromis entre ces deux dimensions.
520 ## - SUMMARY, ETC.
Summary, etc. Democratizing the market?This article examines the promise of market democratization conveyed by consumer rating and review websites in the restaurant industry. Based on interviews with website administrators and data from the main French platforms, we show that review websites contribute to the democratization of critique, which first started in the 1970s, both by including a large part of the restaurant supply within the reviewing perimeter, and by broadening participation, opening restaurant reviewing to all. However this twofold democratic ambition conflicts with the need to produce fair and helpful recommendations, leading review websites to find compromises between these two dimensions.
700 10 - ADDED ENTRY--PERSONAL NAME
Personal name Beuscart, Jean-Samuel
Relator term author
700 10 - ADDED ENTRY--PERSONAL NAME
Personal name Mellet, Kevin
Relator term author
700 10 - ADDED ENTRY--PERSONAL NAME
Personal name Trespeuch, Marie
Relator term author
786 0# - DATA SOURCE ENTRY
Note Réseaux | 183 | 1 | 2014-04-01 | p. 163-204 | 0751-7971
856 41 - ELECTRONIC LOCATION AND ACCESS
Uniform Resource Identifier <a href="https://shs.cairn.info/revue-reseaux-2014-1-page-163?lang=fr&redirect-ssocas=7080">https://shs.cairn.info/revue-reseaux-2014-1-page-163?lang=fr&redirect-ssocas=7080</a>

Pas d'exemplaire disponible.

PLUDOC

PLUDOC est la plateforme unique et centralisée de gestion des bibliothèques physiques et numériques de Guinée administré par le CEDUST. Elle est la plus grande base de données de ressources documentaires pour les Étudiants, Enseignants chercheurs et Chercheurs de Guinée.

Adresse

627 919 101/664 919 101

25 boulevard du commerce
Kaloum, Conakry, Guinée

Réseaux sociaux

Powered by Netsen Group @ 2025